Biofertilizers / (Record no. 40028)

MARC details
000 -LEADER
fixed length control field 00811nam a22002417a 4500
005 - DATE AND TIME OF LATEST TRANSACTION
control field 20100807122610.0
010 ## - LCCN (DPL NO)
LC control number ENG-98789
020 ## - INTERNATIONAL STANDARD BOOK NUMBER
International Standard Book Number 8190848089
Terms of availability 250.00
035 ## - SYSTEM CONTROL NUMBER
System control number EN-82321
037 ## - SOURCE OF ACQUISITION
Source of stock number/acquisition DBAD/PUB
082 ## - DEWEY DECIMAL CLASSIFICATION NUMBER
Classification number 631.86
100 ## - MAIN ENTRY--PERSONAL NAME
Personal name Rajasekaran, S.
245 ## - TITLE STATEMENT
Title Biofertilizers /
Statement of responsibility, etc by S. Rajasekaran
260 ## - PUBLICATION, DISTRIBUTION, ETC. (IMPRINT)
Place of publication, distribution, etc Tamil Nadu
Name of publisher, distributor, etc Puthagacholai Publications
Date of publication, distribution, etc 2009
270 ## - ADDRESS
Address 48,Mahathana Street,Mayiladutrai
City Tamil Nadu
Postal code 609001
300 v# - PHYSICAL DESCRIPTION
Extent xvi,247p.
Dimensions 23cm (pbk)
500 ## - GENERAL NOTE
General note Includes bibliographical references
650 ## - SUBJECT ADDED ENTRY--TOPICAL TERM
Topical term or geographic name as entry element Biofertilizess
700 ## - ADDED ENTRY--PERSONAL NAME
9 (RLIN) 8297
700 ## - ADDED ENTRY--PERSONAL NAME
9 (RLIN) 8298
942 ## - ADDED ENTRY ELEMENTS (KOHA)
Source of classification or shelving scheme Dewey Decimal Classification
Item type English Books
Classification part 631.86
Call number suffix RAJ
Holdings
Withdrawn status Lost status Not for loan Collection code Home library Current library Date acquired Source of acquisition Cost, normal purchase price Full call number Barcode Copy number Cost, replacement price Koha item type
    Not For Loan Non-fiction D.B.Act.Division D.B.Act.Division 07/08/2010 DBAD/PUB 250.00 631.86 RAJ EN-82321 1 250.00 English Books

© Delhi Public Library
Hit Counter
free hit counter